Statistics for MTV's "The Real World" Seasons

Click here to take the quiz!

General Stats

  • This quiz has been taken 271 times
    (212 since last reset)
  • The average score is 19 of 29

Answer Stats

HintAnswer% Correct
1993Los Angeles
96%
2001Back to New York
95%
1992New York
95%
1994San Francisco
85%
2002Chicago
83%
2000New Orleans
83%
2010New Orleans
83%
2002-2003Vegas
83%
2004San Diego
82%
2011San Diego
82%
2005Austin
80%
1996Miami
78%
1997Boston
76%
2003Paris
73%
1998Seattle
73%
2009-2010D.C.
67%
2013Portland
66%
1995London
63%
2006-2007Denver
62%
2004-2005Philadelphia
61%
1999Hawaii
58%
2006Key West
58%
2009Cancun
53%
2007-2008Sydney
51%
2009Brooklyn
45%
2012St. Thomas
37%
2008Hollywood
32%
2014"Ex-Plosion"
10%
San Francisco
5%

Score Distribution

Percentile by Number Answered

Percent of People with Each Score

Your Score History

You have not taken this quiz since the last reset